000
00342nam a2200145Ia 4500
100
_a
Hall/D V
942
_c
BK
654
_a
InterFacing Programming
245
_a
Microprocessors & Interfacing Programming & Hardware
260
_b
McGraw Hill
_a
New York
_c
1987
082
_a
621.3
_b
Hal
300
_a
554
546
_a
ENGLISH
999
_c
32087
_d
32087